Ultrazvuková detekcia poškodenia mechanických systémov

Saved in:
Bibliographic Details
Main Author: Hlavatý, Michal (Author)
Other Authors: Musil, Miloš (Thesis advisor)
Format: Manuscript Book
Language:Slovak
Published: 2017
Subjects:
Online Access:http://is.stuba.sk/zp/portal_zp.pl?podrobnosti=87070
Tags: Add Tag
No Tags, Be the first to tag this record!

MARC

LEADER 00000ntm a22000003a 4500
001 stuzp35731
003 SK-STU
005 20170902210247.1
007 ta
008 150427s2015----xo-----f-mn---000-0-slo-d
040 |a STU  |b slo 
041 0 |a slo 
100 1 |a Hlavatý, Michal  |u 020010  |k Z9  |4 aut  |U SjF Strojnícka fakulta  |T SjF Ústav aplikovanej mechaniky a mechatroniky  |X 26820  |U J0010  |Y 801  |7 A000026820 
242 0 1 |a Ultrasonic detection of mechanical structure defects  |y eng 
245 1 0 |a Ultrazvuková detekcia poškodenia mechanických systémov 
260 |c 2017 
650 4 |a Ultrazvuk  |2 slo 
650 4 |a zdanlivé Rayleigho vlnenie  |2 slo 
650 4 |a záznejová dĺžka  |2 slo 
650 4 |a doskový konštrukčný prvok  |2 slo 
650 4 |a metóda konečných prvkov  |2 slo 
650 4 |a experimentálna detekcia porúch  |2 slo 
650 4 |a Ultrasonic  |2 eng 
650 4 |a quasi-Rayleigh waves  |2 eng 
650 4 |a beat-length  |2 eng 
650 4 |a plate structure  |2 eng 
650 4 |a experimental detection of defects  |2 eng 
650 4 |a finite element method  |2 eng 
700 1 |a Musil, Miloš  |u 020010  |k Z1  |4 ths  |U SjF Strojnícka fakulta  |T SjF Ústav aplikovanej mechaniky a mechatroniky  |X 2301  |U J0010  |Y 801  |7 A000002301 
856 4 |u http://is.stuba.sk/zp/portal_zp.pl?podrobnosti=87070